Euro 2024 Squad Spain - Statistics

General Stats
  • This quiz has been taken 10 times
  • The average score is 18 of 27
Answer Stats
Hint Hint Answer % Correct
2 Real Madrid Dani Carvajal
100%
10 RB Leipzig Dani Olmo
100%
1 FC Arsenal David Raya
100%
21 Real Sociedad Mikel Oyarzabal
100%
16 Manchester City Rodri
100%
14 al-Nassr Aymeric Laporte
88%
8 Paris Saint-Germain Fabian Ruiz
88%
24 FC Chelsea Marc Cucurella
88%
20 FC Barcelona Pedri
88%
12 Bayer 04 Leverkusen Alejandro Grimaldo
75%
19 FC Barcelona Lamine Yamal
75%
17 Athletic Bilbao Nico Williams
75%
23 Athletic Bilbao Unai Simon
75%
11 FC Barcelona Ferran Torres
63%
18 Real Sociedad Martin Zubimendi
63%
4 Real Madrid Nacho Fernandez
63%
3 Real Sociedad Robin Le Normand
63%
7 Atletico Madrid Alvaro Morata
50%
5 Athletic Bilbao Dani Vivian
50%
Trainer Luis de la Fuente
50%
6 Real Sociedad Mikel Merino
50%
13 Real Sociedad Alex Remiro
38%
9 Real Madrid Joselu
38%
15 FC Villareal Alex Baena
25%
25 FC Barcelona Fermin Lopez
25%
22 FC Sevilla Jesus Navas
25%
26 Betis Sevilla Ayoze Perez
0%
No matching quizzes found
Score Distribution
Percent of People with Each Score
Percentile by Number Answered
Your Score History
You have not taken this quiz